Southville International School and Colleges
Your cart is empty.
  • Cart
  • Lists
    Public lists Eva Luna New books Lux_list list_1
    Your lists Log in to create your own lists
  • Log in to your account
  • Your cookies
  • Search history
Southville International School and Colleges
  • Advanced search
  • Recent comments
  • Most popular
  • Libraries

Log in to your account

Log in with GOOGLE


If you do not have an external account, but do have a local account, you can still log in:

  1. Home
  2. MARC view: Essentials of college English /
Normal view MARC view ISBD view

Essentials of college English / (Record no. 39476)

[ view plain ]
MARC details
000 -LEADER
fixed length control field 00789nam a2200241 a 4500
005 - DATE AND TIME OF LATEST TRANSACTION
control field 20140311163021.0
008 - FIXED-LENGTH DATA ELEMENTS--GENERAL INFORMATION
fixed length control field 121030s19uu xx 00 eng d
020 ## - INTERNATIONAL STANDARD BOOK NUMBER
International Standard Book Number 0324070659
050 ## - LIBRARY OF CONGRESS CALL NUMBER
Classification number PE 1408
Item number .G923 2002
100 ## - MAIN ENTRY--PERSONAL NAME
Personal name Guffey, Mary Ellen
245 ## - TITLE STATEMENT
Title Essentials of college English /
Statement of responsibility, etc Mary Ellen Guffey, Carolyn M. Seefer ; edited by Elizabeth T. Tice.
250 ## - EDITION STATEMENT
Edition statement 2nd ed
260 ## - PUBLICATION, DISTRIBUTION, ETC. (IMPRINT)
Place of publication, distribution, etc Cincinnati, Ohio :
Name of publisher, distributor, etc South-Western,
Date of publication, distribution, etc 2002.
300 ## - PHYSICAL DESCRIPTION
Extent 193 p. :
Dimensions 25 cm.
500 ## - GENERAL NOTE
General note Includes index
650 ## - SUBJECT ADDED ENTRY--TOPICAL TERM
Topical term or geographic name as entry element English language
General subdivision Rhetoric
650 ## - SUBJECT ADDED ENTRY--TOPICAL TERM
Topical term or geographic name as entry element English language
General subdivision Grammar
-- Problems, exercises, etc
650 ## - SUBJECT ADDED ENTRY--TOPICAL TERM
Topical term or geographic name as entry element Report writing
General subdivision Problems, exercises, etc.
700 ## - ADDED ENTRY--PERSONAL NAME
Personal name Seefer, Carolyn M.
700 ## - ADDED ENTRY--PERSONAL NAME
Personal name Tice, Elizabeth T.
942 ## - ADDED ENTRY ELEMENTS (KOHA)
Koha item type Books
Source of classification or shelving scheme Library of Congress Classification
Call number prefix Foreign
Holdings
Withdrawn status Lost status Source of classification or shelving scheme Damaged status Home library Current library Shelving location Date acquired Source of acquisition Cost, normal purchase price Total Checkouts Full call number Barcode Date last seen Copy number Price effective from Koha item type
    Library of Congress Classification   College Library College Library General Circulation Section 10/30/2012   2600.00   PE 1408 .G923 2002 C16438 05/15/2018 1 10/10/2013 Books

Essentials of college English /

APA

Guffey M. E., Seefer C. M. & Tice E. T. (2002). Essentials of college English. Cincinnati, Ohio: South-Western.

Chicago

Guffey Mary Ellen, Seefer Carolyn M and Tice Elizabeth T. 2002. Essentials of college English. Cincinnati, Ohio: South-Western.

Harvard

Guffey M. E., Seefer C. M. and Tice E. T. (2002). Essentials of college English. Cincinnati, Ohio: South-Western.

MLA

Guffey Mary Ellen, Seefer Carolyn M and Tice Elizabeth T. Essentials of college English. Cincinnati, Ohio: South-Western. 2002.

  • Place hold
  • Print
  • Cite
  • Add to your cart (remove)
  • Save record
    BIBTEX Dublin Core MARCXML MARC (non-Unicode/MARC-8) MARC (Unicode/UTF-8) MARC (Unicode/UTF-8, Standard) MODS (XML) RIS
  • More searches
    Search for this title in:
    Other Libraries (WorldCat) Other Databases (Google Scholar) Online Stores (Bookfinder.com) Open Library (openlibrary.org)

Exporting to Dublin Core...

SOUTHVILLE LIBRARY

Southville International School and Colleges Library

1281 Tropical Ave. Cor. Luxembourg St., BF Homes International, Las Pinas City

Tel. No. 8256374 / 252358 Loc. 117/146

Powered by Koha